Biggest Cities in Delaware - Statistics

General Stats
  • This quiz has been taken 4,641 times
    3,072 since last reset
  • The average score is 7 of 20
Answer Stats
Population City % Correct
38,992 Dover
97%
70,750 Wilmington
91%
31,155 Newark
56%
13,149 Smyrna
40%
24,164 Middletown
38%
3,420 Lewes
34%
12,272 Milford
34%
7,413 Georgetown
30%
8,250 Seaford
29%
4,248 Camden
24%
7,139 Millsboro
23%
4,038 Laurel
22%
3,428 Milton
22%
3,777 Harrington
20%
2,667 Bridgeville
18%
6,157 Elsmere
18%
2,999 Selbyville
17%
2,788 Townsend
17%
3,991 Clayton
15%
2,752 Ocean View
13%
No matching quizzes found
Score Distribution
Percent of People with Each Score
Percentile by Number Answered
Your Score History
You have not taken this quiz since the last reset